| 000 | 00784nam0a22002651 4500 | ||
|---|---|---|---|
| 001 | rc\4819499 | ||
| 005 | 20250612224139.0 | ||
| 021 |
_aRU _b[63-59584] |
||
| 035 | _a(NLR Aleph) 008881870 | ||
| 090 |
_a8587037 _c8587037 |
||
| 100 | _a20130426d1963 |||y0rusy50 ca | ||
| 101 | 0 | _arus | |
| 102 | _aRU | ||
| 105 | _aa z ||||| | ||
| 200 | 1 | _aПовторные инфаркты миокарда | |
| 210 |
_aМосква _cМедгиз _d1963 |
||
| 215 |
_a182 с., 1 л. ил. _cил. _d21 |
||
| 320 | _aБиблиогр.: с. 157-180 | ||
| 606 |
_aИнфаркт миокарда _2psbo |
||
| 700 | 1 |
_aШишкин _bС.С. _f-1964 _gСергей Сергеевич |
|
| 801 | 0 |
_aRU _bNLR _gpsbo |
|
| 801 | 1 |
_aRU _bELAR _2rusmarc |
|
| 852 |
_aNLR _j63-3/4411 |
||
| 942 | _cBOOK | ||
| 980 | _aNB | ||